| 000 | 01573nam a2200325 a 4500 | ||
|---|---|---|---|
| 001 | 000038813 | ||
| 003 | DO-SdBPM | ||
| 005 | 20251009143025.0 | ||
| 007 | ta | ||
| 008 | 130425s2013 dr ad 001 0 spa d | ||
| 020 | _a9789945015034 | ||
| 040 |
_aDO-SdBNP _bspa _cBPMSU _drda |
||
| 082 | 4 |
_a304.87293 _bI57g 2013 _222 |
|
| 245 | 1 | 0 |
_a Inmigración género y mercado de trabajo en la República Dominicana : _b estudios complementarios ENI-2012 _c |
| 260 |
_a _c |
||
| 264 |
_aSanto Domingo : _bUnión Europea ; _bFondo de Población de las Naciones Unidas, _c2013 |
||
| 300 |
_a132 páginas : _bilustraciones, taablas. ; _c25 cm. |
||
| 336 |
_atexto _btxt _2rdacontent |
||
| 337 |
_asin mediación _bn _2rdamedia |
||
| 338 |
_avolumen _bnc _2rdacarrier |
||
| 505 | 0 | _aPresentación 11 -- Introducción 15 -- Trabajo, migración y desarrollo 19 -- Perfil socio demográficos de la población inmigrante 25 -- Población económicamente activa, empleo de inmigración 28 -- La absorción productiva de mano de obra inmigrante 37 -- Contratos, jornadas de trabajo e ingresos 64 -- Sector informal e inmigración 80 -- Conclusiones y recomendaciones 96. | |
| 520 | _a | ||
| 590 | _aInventariado, 2025/VM | ||
| 650 | 7 |
_aEmigración e inmigración _xAspectos económicos _zRepública Dominicana _v |
|
| 650 | 7 |
_aTrabajo y trabajadores _xAspectos sociales _zRepública Dominicana |
|
| 650 | 7 |
_aTrabajadores extranjeros _zRepública Dominicana |
|
| 710 | 2 | _aFondo de Población de la Naciones Unidas | |
| 910 | _aVMateo. Control de calidad BPMSU | ||
| 942 |
_2ddc _cBK |
||
| 999 |
_c15427 _d15427 |
||